00810nab a2200229 uc450000100070000000500170000700800410002403500110006503500210007604000130009704100080011010000370011824500720015565000250022765000250025265000220027765000230029965000270032265000690034970000310041877301310044972655420250301090938.0020318s2001 spa  a726554 a(OCoLC)819936982 ccomduadb aspa10aCastellanos, F. Xavier4auteaut10aNeuroimagenes y neurobiologia del trastorno por deficit de atencion aNiños hiperactivos 7aNeuroanatomía2dcs aNeuropsicología aNeuropsiquiatría aResonancia magnética 7aTrastorno por déficit de atención con hiperactividad2armarc10aPineda, David A.4auteaut0 tRevista Neuropsicología, Neuropsiquiatría y NeurocienciasgVol. 03, No. 01, Abr. 2001, p. 15-31w596374x0124-12650154699